Bước đường viết văn

Gorde:
Xehetasun bibliografikoak
Egile nagusia: NGUYÊN HỒNG
Formatua: Liburua
Hizkuntza:Undetermined
Argitaratua: Văn nghệ Tp HCM 2001
Etiketak: Etiketa erantsi
Etiketarik gabe, Izan zaitez lehena erregistro honi etiketa jartzen!
Thư viện lưu trữ: Trung tâm Học liệu Trường Đại học Cần Thơ
LEADER 00415nam a2200145Ia 4500
001 CTU_49040
008 210402s9999 xx 000 0 und d
082 |a 895.922803 
082 |b Ng527 
100 |a NGUYÊN HỒNG 
245 0 |a Bước đường viết văn 
245 0 |c NGUYÊN HỒNG 
260 |b Văn nghệ Tp HCM 
260 |c 2001 
980 |a Trung tâm Học liệu Trường Đại học Cần Thơ